000 00398 a2200109 4500
001 ART_42725
005 20260410161737.0
008 260409a
245 1 0 _aCrisis bancaria y nivel de capitalización
100 1 _aRibas, Armando P.
773 0 _tEjecutivos de finanzas
_gPymes: la obtención de financiamiento en el mercado de capitales - Año 12, Nº 127 (jul. 1996)
_wREV2863
999 _c18375
_d18375